000
00194nam a22000857a 4500
001
1235700
005
20250930154343.0
245
_a
EYLÜL'DE AŞKLAR
_c
MİNE SOYSAL
260
_b
GÜNIŞIĞI YAYINLARI
999
_c
1235700
_d
1235700